000
00318nam a22001457a 4500
020
_a
978-93-90948-08-6
082
_a
894.812.3
_b
NAR/T
100
_a
NARAYANANKUTTY, P
245
_a
TOUCHING A STONE
260
_a
THRISSUR
_b
SUN SHINE BOOKS
_c
2022
300
_a
112
520
_a
NOVEL
650
_a
NOVEL
942
_c
BK
999
_c
5083
_d
5083